000 00530nmm a2200181Ia 4500
008 251105s9999||||xx |||||||||||||||||und||
020 _a8484296318
041 _aspa
100 _aArtés Ortuño, Manuel
245 0 _aVariables exógenas cualitativas
264 _a[Madrid, España] :
_bUOC Papers,
_c2002
300 _a26 páginas
650 _aEconomics and Business
700 _aArtés Ortuño, Manuel
700 1 _a Guillen Estany, Montserrat
856 _uhttps://public.digitaliapublishing.com/a/5763
942 _cCF
999 _c62173
_d62173